|
|
|
|
| LEADER |
01282nam a2200337 a 4500 |
| 001 |
AAL 7075 |
| 003 |
BD-DhAAL |
| 005 |
20160209173056.0 |
| 008 |
150129s1995 cou b 001 0 eng |
| 010 |
|
|
|a 94043543
|
| 020 |
|
|
|a 1555875424
|
| 040 |
|
|
|a DLC
|c DLC
|d DLC
|d BD-DhAAL
|
| 050 |
0 |
0 |
|a HF1410
|b .I579 vol. 8
|a HF1455
|
| 082 |
0 |
0 |
|a 337.73
|2 20
|
| 999 |
|
|
|c 33533
|d 33533
|
| 999 |
|
|
|c 33533
|
| 245 |
0 |
0 |
|a National competitiveness in a global economy /
|c edited by David P. Rapkin and William P. Avery.
|
| 260 |
|
|
|a Boulder, Colo. :
|b Lynne Rienner Publishers,
|c 1995.
|
| 300 |
|
|
|a x, 285 p. ;
|c 24 cm.
|
| 440 |
|
0 |
|a International political economy yearbook ;
|v v. 8
|9 7633
|
| 504 |
|
|
|a Includes bibliographical references (p. 243-266) and index.
|
| 541 |
|
|
|e 7075
|
| 650 |
|
0 |
|a Competition
|z United States.
|9 7634
|
| 650 |
|
0 |
|a Competition, International.
|9 7635
|
| 650 |
|
0 |
|a International economic relations.
|9 7636
|
| 651 |
|
0 |
|a United States
|x Foreign economic relations.
|9 7637
|
| 651 |
|
0 |
|a United States
|x Commercial policy.
|9 7638
|
| 700 |
1 |
|
|a Rapkin, David P.
|9 7639
|
| 700 |
1 |
|
|a Avery, William P.
|9 7640
|
| 942 |
|
|
|2 ddc
|c BK
|
| 952 |
|
|
|0 0
|1 0
|2 ddc
|4 0
|6 337_730000000000000_NAT
|7 0
|9 52377
|a SCL
|b SCL
|c GEN
|d 2015-01-29
|l 0
|o 337.73 NAT
|p 3020007075
|r 2015-01-29
|t 1
|w 2015-01-29
|y BK
|